Most Streamed Kanye Song Of Every Year - Statistics

General Stats
  • This quiz has been taken 42 times
  • The average score is 9 of 19
Answer Stats
Year Answer % Correct
2007 Stronger
95%
2010 POWER
92%
2005 Gold Digger
86%
2008 Heartless
84%
2004 All Falls Down
78%
2013 Bound 2
78%
2011 N***as in Paris
78%
2024 CARNIVAL
73%
2016 Father Stretch My Hands
65%
2018 Violent Crimes
49%
2021 Hurricane
38%
2012 Mercy
30%
2015 FourFiveSeconds
24%
2014 Only One
19%
2025 Preacher Man
19%
2019 I Love It
16%
2022 Eazy
8%
2009 Run This Town
3%
2017 XTCY
3%
No matching quizzes found
Score Distribution
Percent of People with Each Score
Percentile by Number Answered
Your Score History
You have not taken this quiz